Úloha elektroniky při intenzívním rozvoji národního hospodářství

Saved in:
Bibliographic Details
Main Author: Nesvadba, Antonín
Other Authors: Schránil, Pavel
Format: Book
Language:Czech
Published: Praha Horizont 1985
Tags: Add Tag
No Tags, Be the first to tag this record!

MARC

LEADER 00000nam a2200000 4500
001 c106917
005 20041019155138.7
041 0 |a cze 
044 |a CZ 
245 1 0 |a Úloha elektroniky při intenzívním rozvoji národního hospodářství  |c Antonín Nesvadba, Pavel Schránil 
264 1 |a Praha  |b Horizont  |c 1985 
300 |a 115 s. 
100 1 |a Nesvadba, Antonín 
700 1 |a Schránil, Pavel